Sanat - "Suru on kunniavieras" - Jenni Vartiainen - Statistics

Yleistilastot
  • Tätä visaa on pelattu 243 kertaa
  • Keskiarvotulos 122 / 180
Vastaustilastot
Vastaus % Oikein
kun
98%
on
97%
se
95%
Se
95%
ja
91%
ei
89%
kukkaan
89%
Sitten
88%
kesän
86%
nähnyt
86%
kukkanen
84%
multaa
83%
sen
82%
suru
82%
kultaa
81%
aina
79%
kalleinta
79%
jäänyt
78%
muistot
78%
asumaan
77%
kuin
77%
sun
77%
kukkana
76%
eikä
75%
Eikä
75%
maahan
75%
silti
75%
tulee
75%
aavistatkaan
74%
vieraasi
74%
lähti
73%
muualle
73%
matkaan
72%
jälleen
69%
vielä
69%
mennäkseen
68%
et
58%
näät
57%
puhkeais
56%
syötä
55%
jos
54%
juota
54%
Surua
52%
hajoo
51%
jotta
50%
silloin
50%
kastella
49%
sisälle
48%
täytyy
48%
hoivaa
47%
tarjoa
47%
lähemmäks
46%
älä
45%
koputtaa
45%
koskaan
45%
kyynelin
43%
ettei
42%
hukkaan
42%
menisi
42%
pyydä
42%
varoen
42%
käännytä
41%
vaali
41%
milloin
40%
askeleet
39%
helli
39%
pois
39%
yösija
39%
ihmisen
38%
kyyneleet
38%
päivä
38%
kepeät
37%
mitä
36%
varten
36%
voi
36%
oveltas
35%
silmät
35%
niitä
33%
toinen
33%
itkuja
31%
kätke
31%
kunniavieraasi
31%
markoin
31%
oppeja
31%
kertoo
30%
kirjoista
30%
löydä
30%
miljoonin
30%
ostaa
30%
tarkoin
30%
sydämees
29%
tuleehan
29%
tuolta
25%
vierikää
25%
Ehtoja vastaavia visoja ei löytynyt
Tulosjakauma
Jokaisen tuloksen saaneiden osuus
Persentiili vastausten määrän mukaan
Tuloshistoriasi
Et ole pelannut tätä visaa